000 00824nam a2200289Ia 4500
001 Para_1515
003 CHAP
008 220125s1992 xx 000 0 und d
010 _a200249
040 _cCHAP
082 _aPA 595.774 W4
100 _aWhite, Ian M.
_9121692
245 _aFruit flies of economic significanec :
_b their identification and bionomics /
_c by Ian M. White and Marlene M. Elson Harris
260 _a0xon :
_b CAB
300 _a601 p.
650 _aAnastrepha
_95486
650 _aFruta
_x Plagas
_943646
650 _aMosca de la fruta
_978989
700 _aElson Harris, Marlene M.
_936447
901 _aPA 595.774 W4
902 _aA
905 _a0000001992 a 0000000000 00
910 _a1992
942 _cPARA
942 _cPARA
_d1
999 _c200249
_d200249